LIBRARY & INFORMATION CENTRE, KCAET, TAVANUR

ONLINE PUBLIC ACCESS CATALOGUE (OPAC)

Poetry of T.S.Eliot / (Record no. 859)

MARC details
000 -LEADER
fixed length control field 00390cam a2200157ua 4500
041 ## - LANGUAGE CODE
Language code of text/sound track or separate title eng
082 ## - DEWEY DECIMAL CLASSIFICATION NUMBER
Classification number 828.09
Item number MAX/PO
100 ## - MAIN ENTRY--AUTHOR NAME
Personal name Maxwell, D.E.S .
245 00 - TITLE STATEMENT
Title Poetry of T.S.Eliot /
260 ## - PUBLICATION, DISTRIBUTION, ETC. (IMPRINT)
Place of publication London :
Name of publisher Routledge & Kegan Paul Ltd ,
Year of publication 1961.
300 ## - PHYSICAL DESCRIPTION
Number of Pages 223 ; .
942 ## - ADDED ENTRY ELEMENTS (KOHA)
Koha item type Books
Holdings
Withdrawn status Lost status Damaged status Home library Current library Date acquired Cost, normal purchase price Full call number Accession Number Koha item type Public note
Withdrawn     KAUAET Sanskrit University 07/04/2012 25.00 828.09 6856 Books Transferred to Sanskrit University
Withdrawn     KAUAET Sanskrit University 07/04/2012   828.09 11979 Books  
free website counter